000 00519nam a2200181 i 4500
001 72919
003 ES-MaACL
005 20250510180013.0
007 t|
008 040903s1961 ag ||||1| spa d
100 1 _aGorkin, Julián.
_959188
245 1 0 _aComo asesinó Stalin a Trotsky /
_cpor Julián Gómez.
260 _aBuenos Aires :
_bPlaza & Janés,
_c[1961]
300 _a227 p., 6 lám. ;
_c25 cm.
600 1 4 _aTrotsky, Leon,
_d1879-1940
_9240350
852 _aES-MaACL
_jC-20904
999 _c72919
_d72919